[Event "SR 1. liga zapad 2012/2013"]
[Site "?"]
[Date "2012.12.09"]
[Round "4.5"]
[White "Janos, Ivan"]
[Black "Zatko, Gregor"]
[Result "0-1"]
[WhiteElo "2145"]
[BlackElo "2148"]
[PlyCount "46"]
[EventDate "2012.??.??"]

1. e4 g6 2. d4 Bg7 3. Nc3 a6 4. Be3 d6 5. h4 Nd7 6. Qd2 b5 7. O-O-O b4 8. Nd5
a5 9. h5 gxh5 10. e5 dxe5 11. dxe5 Bxe5 12. Nf3 Bb7 13. Rxh5 Bg7 14. Bf4 Rc8
15. Rg5 Bf6 16. Nxf6+ Ngxf6 17. Rxa5 c5 18. Ra7 Qb6 19. Ne5 Rd8 20. Rxb7 Qxb7
21. Bc4 e6 22. f3 Nd5 23. Bh6 Nxe5 0-1

[Event "SR 1. liga zapad 2012/2013"]
[Site "?"]
[Date "2012.12.09"]
[Round "4.5"]
[White "Kimerling, Martin"]
[Black "Nikel, Rastislav"]
[Result "0-1"]
[WhiteElo "2027"]
[BlackElo "2073"]
[PlyCount "78"]
[EventDate "2012.??.??"]

1. d4 Nf6 2. c4 g6 3. g3 d5 4. cxd5 Nxd5 5. Bg2 Bg7 6. e4 Nb6 7. Ne2 O-O 8. O-O
Nc6 9. d5 Ne5 10. Nbc3 c6 11. f4 Ned7 12. b3 cxd5 13. exd5 Nf6 14. Be3 Bg4 15.
Rc1 Bxe2 16. Qxe2 Nbxd5 17. Nxd5 Nxd5 18. Rfd1 e6 19. Qb5 a6 20. Qxb7 Qa5 21.
Bxd5 exd5 22. Qxd5 Qxa2 23. Rc7 Bf6 24. Rxf7 Rxf7 25. Qxa8+ Kg7 26. Qd5 Qe2 27.
Bf2 Rc7 28. Re1 Qb5 29. Qa8 Qxb3 30. Qxa6 Qd5 31. Qb6 Rb7 32. Qe6 Qd2 33. Qc6
Rb2 34. Qc7+ Kh6 35. Qc5 Rc2 36. Qb6 Qc3 37. f5 Rxf2 38. Qe3+ Qxe3 39. Rxe3
Rxf5 0-1

[Event "SR 1. liga zapad 2012/2013"]
[Site "?"]
[Date "2012.12.09"]
[Round "4.5"]
[White "Tibensky, Robert"]
[Black "Balog, Imre"]
[Result "0-1"]
[WhiteElo "2396"]
[BlackElo "2554"]
[PlyCount "98"]
[EventDate "2012.??.??"]

1. d4 Nf6 2. c4 g6 3. Nc3 Bg7 4. e4 d6 5. Be2 O-O 6. Nf3 e5 7. O-O Na6 8. Re1
exd4 9. Nxd4 Nc5 10. Bf1 Re8 11. f3 c6 12. Be3 a5 13. Bf2 a4 14. Qc2 Qa5 15.
Rab1 Nfd7 16. Red1 Ne5 17. b4 axb3 18. axb3 Ne6 19. Nde2 Qa3 20. Kh1 Nc5 21.
Nd4 Qb4 22. Na2 Qa5 23. Nc3 Ne6 24. Nde2 Bf8 25. Na4 Qc7 26. Bb6 Qe7 27. Bg1
Nd7 28. Nac3 Qf6 29. Rd2 Ra5 30. Rbd1 Rh5 31. Rxd6 Bxd6 32. Rxd6 Ne5 33. f4 Ng4
34. h3 Qh4 35. g3 Qe7 36. Rd1 Ng7 37. Bg2 Nh6 38. Kh2 Ng4+ 39. Kh1 Nf6 40. Kh2
Bg4 41. Re1 Qd7 42. f5 Nxf5 43. Nf4 Rh6 44. Qc1 g5 45. exf5 Rxe1 46. Qxe1 gxf4
47. gxf4 Bxf5 48. Qg3+ Rg6 49. Qe3 Qd3 0-1

[Event "SR 1. liga zapad 2012/2013"]
[Site "?"]
[Date "2012.12.09"]
[Round "4.5"]
[White "Zacik, Anton"]
[Black "Svaralova, Monika"]
[Result "1/2-1/2"]
[WhiteElo "1944"]
[BlackElo "2021"]
[PlyCount "79"]
[EventDate "2012.??.??"]

1. e4 e6 2. d4 d5 3. exd5 exd5 4. Bd3 Nc6 5. c3 Bd6 6. Nf3 Bg4 7. O-O Nge7 8.
h3 Bh5 9. Be3 Qd7 10. Nbd2 O-O-O 11. Qa4 f6 12. b4 g5 13. b5 Nb8 14. Nh2 Rhg8
15. Rfe1 g4 16. h4 g3 17. fxg3 Bxg3 18. Ndf3 Bxe1 19. Rxe1 Bxf3 20. Nxf3 Qg4
21. Ng5 fxg5 22. Bxg5 Rxg5 23. hxg5 Qxg5 24. Qc2 Nd7 25. a4 Ng6 26. a5 Nh4 27.
Rf1 Rg8 28. Rf2 Nf6 29. b6 axb6 30. axb6 c6 31. Qe2 Re8 32. Qa2 Re1+ 33. Bf1
Kd7 34. Qa8 Rxf1+ 35. Kxf1 Qc1+ 36. Ke2 Qc2+ 37. Ke1 Nxg2+ 38. Rxg2 Qxg2 39.
Qxb7+ Ke6 40. Qc8+ 1/2-1/2

[Event "SR 1. liga zapad 2012/2013"]
[Site "?"]
[Date "2012.12.09"]
[Round "4.6"]
[White "Detko, Jan"]
[Black "Novak, Ivan"]
[Result "1-0"]
[WhiteElo "2163"]
[BlackElo "2193"]
[PlyCount "41"]
[EventDate "2012.??.??"]

1. e4 Nc6 2. Nf3 d6 3. d4 Bg4 4. Be3 Nf6 5. Nc3 e6 6. h3 Bh5 7. d5 exd5 8. exd5
Ne5 9. g4 Bg6 10. g5 Bh5 11. Be2 Nxf3+ 12. Bxf3 Bxf3 13. Qxf3 Ng8 14. Qe2 a6
15. O-O-O Qd7 16. Rd4 Ne7 17. h4 O-O-O 18. Rb4 Nf5 19. Ba7 Qe7 20. Qc4 h6 21.
Qc6 1-0

[Event "SR 1. liga zapad 2012/2013"]
[Site "?"]
[Date "2012.12.09"]
[Round "4.6"]
[White "Garban, Mario"]
[Black "Vrba, Michal"]
[Result "1-0"]
[WhiteElo "1997"]
[BlackElo "2035"]
[PlyCount "113"]
[EventDate "2012.??.??"]

1. e4 d5 2. exd5 Qxd5 3. Nc3 Qa5 4. d3 Nf6 5. Be2 c6 6. Nf3 Bf5 7. Nh4 Bg6 8.
Bd2 e6 9. Ne4 Qc7 10. Nxf6+ gxf6 11. Bc3 Nd7 12. Qd2 Bd6 13. Bf3 Bf4 14. Qe2
Bg5 15. Nxg6 hxg6 16. g3 O-O-O 17. Bg4 Rh7 18. f4 Bh6 19. Qf2 Kb8 20. Kf1 f5
21. Bf3 f6 22. Re1 e5 23. fxe5 fxe5 24. Kg2 Rdh8 25. h3 Bf8 26. Qe2 Bd6 27. g4
Qd8 28. Qe3 Qh4 29. Bd1 f4 30. Qf3 Qf6 31. Qf2 c5 32. Bf3 Qh4 33. Qxh4 Rxh4 34.
Be4 Nf6 35. Bf3 Nd7 36. Bd5 Nf6 37. Bxe5 Bxe5 38. Rxe5 Nxg4 39. Rg5 Ne3+ 40.
Kf3 Nxc2 41. Rxg6 Nd4+ 42. Kg2 Nc2 43. Be4 Rc8 44. Kf2 Rch8 45. Rg7 Rxh3 46.
Rxb7+ Kc8 47. Rxh3 Rxh3 48. Rxa7 Nd4 49. Rh7 Re3 50. Rh2 Re2+ 51. Kg1 Re1+ 52.
Kg2 Re2+ 53. Kh3 Re3+ 54. Kg4 Rg3+ 55. Kxf4 Rg1 56. Ke5 Ra1 57. Kd6 1-0

[Event "SR 1. liga zapad 2012/2013"]
[Site "?"]
[Date "2012.12.09"]
[Round "4.6"]
[White "Gunis, Juraj"]
[Black "Polacik, Igor"]
[Result "0-1"]
[WhiteElo "2108"]
[BlackElo "2172"]
[PlyCount "58"]
[EventDate "2012.??.??"]

1. Nf3 Nf6 2. c4 g6 3. d4 Bg7 4. Nc3 d5 5. e3 O-O 6. Bd3 c5 7. cxd5 cxd4 8.
Nxd4 Nxd5 9. O-O Nxc3 10. bxc3 e5 11. Nb3 Qc7 12. Bb2 Be6 13. Qe2 f5 14. e4 f4
15. f3 Nd7 16. c4 Rfd8 17. Ba3 Bf8 18. Bxf8 Kxf8 19. Rac1 Nc5 20. Rfd1 Rac8 21.
Bb1 Nxb3 22. axb3 Qb6+ 23. Qf2 Qxb3 24. Rxd8+ Rxd8 25. Qc5+ Kf7 26. Re1 Rd1 27.
Qc7+ Kf6 28. Kf2 Qb2+ 29. Re2 Qd4+ 0-1

[Event "SR 1. liga zapad 2012/2013"]
[Site "?"]
[Date "2012.12.09"]
[Round "4.6"]
[White "Janos, Jozef"]
[Black "Pinter, Patrik"]
[Result "0-1"]
[WhiteElo "2152"]
[BlackElo "2164"]
[PlyCount "102"]
[EventDate "2012.??.??"]

1. d4 Nf6 2. Nf3 g6 3. c4 Bg7 4. Nc3 O-O 5. e4 d6 6. Be2 Nbd7 7. O-O e5 8. d5
Nc5 9. Qc2 a5 10. Ne1 Ne8 11. Be3 f5 12. f3 f4 13. Bf2 g5 14. a3 Rf7 15. Rb1
Bf8 16. b4 Nd7 17. Nd3 Rg7 18. c5 Ndf6 19. cxd6 cxd6 20. Na4 axb4 21. Rxb4 Bd7
22. Nb6 Rxa3 23. Qb2 Ra5 24. Nc4 Ra4 25. Rxa4 Bxa4 26. Ra1 b5 27. Nb6 g4 28.
Nxa4 bxa4 29. Rxa4 g3 30. hxg3 fxg3 31. Be3 Nh5 32. Kf1 Qh4 33. Ke1 Nhf6 34.
Bf1 Rf7 35. Ra8 Bh6 36. Bxh6 Qxh6 37. Qc1 Qh4 38. Qe3 Rf8 39. Ra7 h6 40. Nc1
Nh7 41. Kd2 Ng5 42. Bb5 Qh2 43. Bxe8 Qxg2+ 44. Ne2 Rxf3 45. Qg1 Nxe4+ 46. Ke1
Qf2+ 47. Kd1 Rd3+ 48. Kc1 Qxe2 49. Bf7+ Kf8 50. Ra8+ Kg7 51. Bh5 Qd2+ 0-1

[Event "SR 1. liga zapad 2012/2013"]
[Site "?"]
[Date "2012.12.09"]
[Round "4.6"]
[White "Kaniansky, Miroslav"]
[Black "Danada, Tomas"]
[Result "1/2-1/2"]
[WhiteElo "2209"]
[BlackElo "2098"]
[PlyCount "42"]
[EventDate "2012.??.??"]

1. d4 g6 2. Nf3 Bg7 3. c4 d6 4. Nc3 Bg4 5. e3 Nf6 6. Be2 O-O 7. Qb3 Bc8 8. e4
Nfd7 9. Be3 Nc6 10. d5 Nce5 11. Nxe5 Nxe5 12. O-O f5 13. f3 f4 14. Bf2 g5 15.
Nb5 a6 16. Nd4 Rf6 17. Rac1 b6 18. Rfd1 Qe8 19. g4 h5 20. h3 Rh6 21. Kg2 Bd7
1/2-1/2

[Event "SR 1. liga zapad 2012/2013"]
[Site "?"]
[Date "2012.12.09"]
[Round "4.6"]
[White "Orosi, Peter"]
[Black "Vrablik, Miroslav"]
[Result "1-0"]
[WhiteElo "2041"]
[BlackElo "2049"]
[PlyCount "43"]
[EventDate "2012.??.??"]

1. d4 Nf6 2. c4 c5 3. Nf3 cxd4 4. Nxd4 e5 5. Nb5 d5 6. cxd5 Bc5 7. e3 O-O 8.
N1c3 a6 9. Na3 b5 10. Nc2 b4 11. Na4 Be7 12. e4 Nxe4 13. Be3 Nd7 14. f3 Nd6 15.
Nxb4 Nf5 16. Nc2 Nxe3 17. Nxe3 Bg5 18. Nc4 Qf6 19. Bd3 e4 20. Bxe4 Qh6 21. O-O
f5 22. d6 1-0

[Event "SR 1. liga zapad 2012/2013"]
[Site "?"]
[Date "2012.12.09"]
[Round "4.6"]
[White "Schwarz, Dusan"]
[Black "Dobrotka, Martin"]
[Result "1/2-1/2"]
[WhiteElo "2305"]
[BlackElo "2235"]
[PlyCount "91"]
[EventDate "2012.??.??"]

1. d4 Nf6 2. c4 d6 3. Nc3 e5 4. Nf3 Nc6 5. Bg5 Be7 6. e3 O-O 7. Be2 Re8 8. O-O
h6 9. Bh4 Bf5 10. d5 Nb8 11. Bd3 Bxd3 12. Qxd3 e4 13. Nxe4 Nxe4 14. Qxe4 Bxh4
15. Qxh4 Qxh4 16. Nxh4 Re4 17. Nf5 Rxc4 18. Rfc1 Rxc1+ 19. Rxc1 Na6 20. f3 Kf8
21. e4 h5 22. a3 g6 23. Nd4 Ke7 24. b4 Kd7 25. Kf2 Rc8 26. Ke3 Nb8 27. h4 a6
28. g4 hxg4 29. fxg4 Rh8 30. Rh1 c5 31. dxc6+ Nxc6 32. Nxc6 bxc6 33. Kf4 Ke6
34. Rc1 Rxh4 35. Kg3 Rh8 36. Rxc6 Ra8 37. Kf4 Kd7 38. Rc2 Rh8 39. e5 dxe5+ 40.
Kxe5 Rh3 41. a4 Re3+ 42. Kf4 Ra3 43. a5 Rb3 44. Rc4 f6 45. g5 fxg5+ 46. Kxg5
1/2-1/2

[Event "SR 1. liga zapad 2012/2013"]
[Site "?"]
[Date "2012.12.09"]
[Round "4.6"]
[White "Todor, Razvan"]
[Black "Lakatos, Vladimir"]
[Result "1-0"]
[WhiteElo "2202"]
[BlackElo "2155"]
[PlyCount "53"]
[EventDate "2012.??.??"]

1. d4 Nf6 2. Nf3 g6 3. Nc3 Bg7 4. e4 d6 5. Be2 O-O 6. Be3 c6 7. Qd2 Nbd7 8. Bh6
Qc7 9. h4 e5 10. h5 Nb6 11. Bxg7 Kxg7 12. Qg5 h6 13. Qh4 Ng8 14. Qg3 exd4 15.
Nxd4 g5 16. O-O-O Qe7 17. f4 f6 18. Bg4 gxf4 19. Qf3 Qe5 20. Bxc8 Nxc8 21. Nf5+
Kh8 22. Ne2 Nge7 23. Nxf4 Kh7 24. Ng6 Nxg6 25. hxg6+ Kg8 26. Rxh6 Ne7 27. Rh8+
1-0

[Event "SR 1. liga zapad 2012/2013"]
[Site "?"]
[Date "2013.01.12"]
[Round "5.1"]
[White "Antol, Ladislav"]
[Black "Puskar, Peter"]
[Result "0-1"]
[WhiteElo "2077"]
[BlackElo "2004"]
[PlyCount "144"]
[EventDate "2012.??.??"]

1. e4 c5 2. Nf3 d6 3. d4 cxd4 4. Nxd4 Nf6 5. Bb5+ Bd7 6. Nc3 Nc6 7. O-O g6 8.
h3 Bg7 9. Be3 O-O 10. Qd2 Nxd4 11. Bxd7 Nxc2 12. Qxc2 Qxd7 13. Rfd1 Qc6 14.
Rac1 Rfc8 15. Qd3 Qc4 16. Qxc4 Rxc4 17. f3 a6 18. b3 Rc6 19. Nd5 Nxd5 20. exd5
Rc3 21. Bg5 Rxc1 22. Rxc1 Bd4+ 23. Kf1 f6 24. Bd2 Bb6 25. Ke2 Kf7 26. Rc4 Bd8
27. Kd3 Ke8 28. Rh4 h5 29. g4 hxg4 30. Rxg4 Kf7 31. Rh4 Kg7 32. Bh6+ Kg8 33.
Rc4 Kf7 34. Bd2 b5 35. Rc6 a5 36. Be3 Rb8 37. Ra6 Ke8 38. Rc6 Kd7 39. f4 Bc7
40. h4 e6 41. Rc2 exd5 42. Rg2 Rh8 43. Rxg6 Rxh4 44. Rxf6 Ke7 45. Rg6 d4 46.
Rg7+ Kd8 47. Bd2 Rh2 48. f5 Bb6 49. f6 Ke8 50. Bf4 Rh3+ 51. Ke4 Bc5 52. Kd5 Rh1
53. Bxd6 Bxd6 54. Kxd6 d3 55. Rg2 Kf7 56. Rd2 Rh3 57. Kc6 Kxf6 58. Kxb5 Ke5 59.
Kc4 Ke4 60. Rd1 Rh2 61. Re1+ Re2 62. Rd1 Rc2+ 63. Kb5 d2 64. Kxa5 Kd3 65. a4
Rc1 66. Rxd2+ Kxd2 67. b4 Kc3 68. b5 Kc4 69. b6 Kc5 70. Ka6 Kc6 71. Ka7 Ra1 72.
Kb8 Kxb6 0-1

[Event "SR 1. liga zapad 2012/2013"]
[Site "?"]
[Date "2013.01.12"]
[Round "5.1"]
[White "Balog, Imre"]
[Black "Gazik, Igor"]
[Result "1-0"]
[WhiteElo "2554"]
[BlackElo "2314"]
[PlyCount "71"]
[EventDate "2012.??.??"]

1. c4 Nf6 2. d4 g6 3. Nc3 Bg7 4. e4 O-O 5. f3 d6 6. Be3 e5 7. d5 Nh5 8. Qd2 f5
9. exf5 gxf5 10. O-O-O Na6 11. Bd3 Nc5 12. Bc2 a5 13. Nge2 a4 14. Bh6 Bd7 15.
Bxg7 Kxg7 16. f4 Kh8 17. fxe5 dxe5 18. Ng3 Ng7 19. Rhe1 Qe7 20. d6 cxd6 21.
Qxd6 Qxd6 22. Rxd6 e4 23. Nge2 Be6 24. Rd4 Rac8 25. b3 Bf7 26. Kb2 axb3 27.
axb3 Rfd8 28. Red1 Nge6 29. Rd5 Bg6 30. Nf4 Rxd5 31. Nfxd5 Rd8 32. b4 Nd7 33.
Nb5 Ne5 34. Kc3 Rc8 35. Nd6 Rb8 36. Ne7 1-0

[Event "SR 1. liga zapad 2012/2013"]
[Site "?"]
[Date "2013.01.12"]
[Round "5.1"]
[White "Bednar, Jan"]
[Black "Lukac, Roman"]
[Result "1/2-1/2"]
[WhiteElo "2143"]
[BlackElo "2127"]
[PlyCount "132"]
[EventDate "2012.??.??"]

1. e4 e5 2. Nf3 Nc6 3. Bb5 a6 4. Ba4 d6 5. c3 Bd7 6. O-O Nge7 7. d4 Ng6 8. d5
Nb8 9. c4 b5 10. Bb3 Be7 11. a4 b4 12. a5 O-O 13. Be3 c5 14. dxc6 Bxc6 15. Nbd2
Nd7 16. Ba4 Qc7 17. Qc2 Rab8 18. Rfd1 Ba8 19. Bxd7 Qxd7 20. Qb3 f5 21. c5+ d5
22. Nc4 fxe4 23. Nfxe5 Nxe5 24. Nxe5 Qe6 25. f4 exf3 26. Nxf3 Qg4 27. Bd4 Rf5
28. Qe3 Qe4 29. Re1 Bf8 30. Rad1 Bc6 31. Ne5 Ba4 32. b3 Qxe3+ 33. Rxe3 Bb5 34.
Rf3 Rxf3 35. gxf3 Rc8 36. Rc1 Be7 37. Kf2 Kf8 38. Ke3 Bd8 39. c6 Bxa5 40. Bc5+
Ke8 41. Kd4 Bxc6 42. Bxb4 Bb6+ 43. Bc5 Bb7 44. b4 Bd8 45. Re1 Bf6 46. Kd3 Rc7
47. Ng6+ Kd7 48. Nf8+ Kc6 49. Nxh7 Kb5 50. Nxf6 gxf6 51. Re6 a5 52. Bb6 Rh7 53.
Bxa5 Bc6 54. Rxf6 Rxh2 55. f4 Rh1 56. f5 Rd1+ 57. Ke2 Rh1 58. Rd6 Rh4 59. Kd3
Rf4 60. f6 d4 61. Re6 Bg2 62. Rb6+ Ka4 63. Rd6 Bf1+ 64. Kd2 Bc4 65. Bb6 Rf2+
66. Ke1 Re2+ 1/2-1/2

[Event "SR 1. liga zapad 2012/2013"]
[Site "?"]
[Date "2013.01.12"]
[Round "5.1"]
[White "Drtina, Milan"]
[Black "Machalova, Maria"]
[Result "1/2-1/2"]
[WhiteElo "2202"]
[BlackElo "2105"]
[PlyCount "85"]
[EventDate "2012.??.??"]

1. e4 c5 2. c4 Nc6 3. Ne2 g6 4. d4 cxd4 5. Nxd4 Bg7 6. Be3 Nf6 7. Nc3 O-O 8.
Be2 d6 9. O-O a5 10. a4 Bd7 11. Kh1 Nxd4 12. Bxd4 Bc6 13. f4 Nd7 14. Rc1 Bxd4
15. Qxd4 Qb6 16. Qxb6 Nxb6 17. b3 Nd7 18. Bd3 Nc5 19. Bc2 Kg7 20. f5 f6 21. Kg1
Rac8 22. Rcd1 Rfd8 23. Rd2 Kf7 24. fxg6+ hxg6 25. Re1 Nd7 26. Ne2 Ne5 27. Nf4
Rh8 28. Nd3 Nxd3 29. Rxd3 Rh4 30. Rg3 g5 31. h3 Rf4 32. Rge3 Rh4 33. Bd1 Bd7
34. Rf1 Kg7 35. Bf3 b6 36. Kf2 Rc5 37. Rd1 Be6 38. Kg3 Re5 39. Rde1 Rc5 40. Rb1
Re5 41. Rbe1 Rc5 42. Rb1 Re5 43. Rbe1 1/2-1/2

[Event "SR 1. liga zapad 2012/2013"]
[Site "?"]
[Date "2013.01.12"]
[Round "5.1"]
[White "Likavsky, Tomas"]
[Black "Maslik, Miroslav"]
[Result "1/2-1/2"]
[WhiteElo "2449"]
[BlackElo "2376"]
[PlyCount "114"]
[EventDate "2012.??.??"]

1. c4 Nf6 2. Nc3 g6 3. e4 d6 4. d4 Bg7 5. Nf3 O-O 6. Be2 e5 7. Be3 Nc6 8. d5
Ne7 9. Nd2 Nd7 10. b4 f5 11. f3 a5 12. a3 Nf6 13. O-O fxe4 14. fxe4 axb4 15.
axb4 Rxa1 16. Qxa1 Ng4 17. Rxf8+ Qxf8 18. Bxg4 Bxg4 19. c5 Bh6 20. Bxh6 Qxh6
21. Nc4 Nc8 22. Nb5 Be2 23. cxd6 cxd6 24. Nbxd6 Nxd6 25. Nxd6 Qf8 26. Qe1 Qxd6
27. Qxe2 Qxb4 28. h3 b5 29. Kh2 Kg7 30. Qg4 Qd6 31. Qc8 b4 32. Qb7+ Kh6 33. h4
Qf8 34. Kg1 Qc5+ 35. Kh2 Qf8 36. Kh3 Qc5 37. Qb8 Qe3+ 38. Kh2 Qf4+ 39. g3 Qf2+
40. Kh3 Qf1+ 41. Kh2 Qe2+ 42. Kg1 Qxe4 43. d6 Kh5 44. d7 Qe1+ 45. Kg2 Qd2+ 46.
Kf1 Qxd7 47. Qxb4 Qg4 48. Qb3 e4 49. Kg2 Qe2+ 50. Kh3 Qf1+ 51. Kh2 Kg4 52. Qe6+
Qf5 53. Qa2 Kh5 54. Qe2+ Qf3 55. Qxf3+ exf3 56. Kh3 g5 57. g4+ Kg6 1/2-1/2

[Event "SR 1. liga zapad 2012/2013"]
[Site "?"]
[Date "2013.01.12"]
[Round "5.1"]
[White "Machalova, Veronika"]
[Black "Banas, Jan"]
[Result "1/2-1/2"]
[WhiteElo "2211"]
[BlackElo "2275"]
[PlyCount "20"]
[EventDate "2012.??.??"]

1. e4 c5 2. Nf3 d6 3. d3 Nc6 4. g3 g6 5. Bg2 Bg7 6. O-O e5 7. Nh4 Bf6 8. Nf3
Bg7 9. Nh4 Bf6 10. Nf3 Bg7 1/2-1/2

[Event "SR 1. liga zapad 2012/2013"]
[Site "?"]
[Date "2013.01.12"]
[Round "5.1"]
[White "Rohacek, Miroslav"]
[Black "Lanc, Alois"]
[Result "0-1"]
[WhiteElo "2308"]
[BlackElo "2402"]
[PlyCount "80"]
[EventDate "2012.??.??"]

1. Nf3 Nf6 2. c4 d6 3. g3 e5 4. Bg2 Nc6 5. O-O g6 6. Nc3 Bg7 7. d4 Bd7 8. d5
Ne7 9. e4 O-O 10. Nd2 Ne8 11. b4 f5 12. f3 h5 13. Nb3 f4 14. c5 Kh7 15. Bd2 Ng8
16. Rc1 Nh6 17. Na5 b6 18. Nc4 g5 19. a4 Qf6 20. c6 Bc8 21. Rc2 Qg6 22. gxf4
exf4 23. Ne2 Nf7 24. Kh1 Ne5 25. Nxe5 dxe5 26. b5 Rg8 27. Bb4 Bf8 28. Bxf8 Rxf8
29. Qa1 Qd6 30. a5 bxa5 31. Qxa5 g4 32. Nc1 gxf3 33. Bxf3 Bg4 34. Nd3 Nf6 35.
Qa1 Rae8 36. Bg2 Nxd5 37. exd5 f3 38. Qa2 fxg2+ 39. Kxg2 Qg6 40. Rxf8 Rxf8 0-1

[Event "SR 1. liga zapad 2012/2013"]
[Site "?"]
[Date "2013.01.12"]
[Round "5.1"]
[White "Szitkey, Milan"]
[Black "Machalova, Erika"]
[Result "0-1"]
[WhiteElo "2137"]
[BlackElo "2073"]
[PlyCount "104"]
[EventDate "2012.??.??"]

1. e4 c5 2. Nf3 d6 3. c3 Nf6 4. h3 Nbd7 5. Bd3 g6 6. Bc2 Bg7 7. O-O O-O 8. d4
e6 9. Re1 b5 10. b4 cxb4 11. cxb4 Bb7 12. Nc3 a6 13. a4 Qc7 14. Bd2 bxa4 15.
Nxa4 Nb6 16. Bd3 Bc6 17. Nxb6 Qxb6 18. Qe2 Bb5 19. Ra5 Bxd3 20. Qxd3 d5 21. e5
Ne4 22. Rea1 Nxd2 23. Qxd2 Qb7 24. Ne1 Rfb8 25. Nd3 Bf8 26. R1a4 Qb6 27. Qc3
Ra7 28. Nc5 Qc6 29. Rxa6 Rxa6 30. Rxa6 Qb5 31. Ra7 Qxb4 32. Qf3 Qb1+ 33. Kh2
Qf5 34. Qe3 Bg7 35. Nd7 Rc8 36. g4 Qc2 37. Qf3 Rc7 38. Ra8+ Rc8 39. Ra6 Rc6 40.
Ra3 Rc7 41. Nf6+ Bxf6 42. Qxf6 Rc8 43. Rf3 Rf8 44. h4 Qc8 45. Kg3 Qd8 46. Kf4
h6 47. Rb3 Qc8 48. Rd3 Qc2 49. Ke3 Qc1+ 50. Kf3 Qh1+ 51. Kg3 Qg1+ 52. Kh3 Qf1+
0-1

[Event "SR 1. liga zapad 2012/2013"]
[Site "?"]
[Date "2013.01.12"]
[Round "5.1"]
[White "Vass, Frantisek"]
[Black "Federic, Jozef"]
[Result "1/2-1/2"]
[WhiteElo "2292"]
[BlackElo "2299"]
[PlyCount "50"]
[EventDate "2012.??.??"]

1. d4 d5 2. Nf3 c6 3. e3 Nf6 4. c4 e6 5. Qc2 Nbd7 6. Nc3 Bd6 7. a3 O-O 8. b3 b6
9. Be2 Bb7 10. O-O Rc8 11. Bb2 Qe7 12. Rfd1 Rfd8 13. a4 c5 14. a5 cxd4 15. Nxd4
dxc4 16. bxc4 Nc5 17. Ncb5 Bb8 18. axb6 axb6 19. Bf3 Nfe4 20. h3 Qg5 21. Ne2
Nd6 22. Bxb7 Ncxb7 23. Nxd6 Nxd6 24. Rd4 h5 25. Qb3 b5 1/2-1/2

[Event "SR 1. liga zapad 2012/2013"]
[Site "?"]
[Date "2013.01.12"]
[Round "5.2"]
[White "Belak, Stefan"]
[Black "Gasa, Patrik"]
[Result "1-0"]
[WhiteElo "2001"]
[BlackElo "1906"]
[PlyCount "64"]
[EventDate "2012.??.??"]

1. c4 c5 2. Nf3 Nc6 3. Nc3 Nf6 4. g3 g6 5. Bg2 Bg7 6. O-O O-O 7. d3 d6 8. h3
Rb8 9. Be3 e5 10. Qd2 Re8 11. Bg5 Ne7 12. e4 Be6 13. Kh2 Nd7 14. Ng1 a6 15.
Nge2 b5 16. b3 Qc7 17. Nd5 Bxd5 18. cxd5 Rbc8 19. Rac1 a5 20. h4 Qa7 21. Bh3
Rc7 22. Nc3 Qa6 23. a4 bxa4 24. bxa4 Nc8 25. Nb5 Rb7 26. Rb1 Ndb6 27. Qc2 h6
28. Bd2 Rd8 29. Rb2 Nxa4 30. Qxa4 Na7 31. Rfb1 Rdb8 32. Nc7 Rxb2 1-0

[Event "SR 1. liga zapad 2012/2013"]
[Site "?"]
[Date "2013.01.12"]
[Round "5.2"]
[White "Dobrotka, Martin"]
[Black "Husari, Satea"]
[Result "1-0"]
[WhiteElo "2235"]
[BlackElo "2290"]
[PlyCount "101"]
[EventDate "2012.??.??"]

1. d4 Nf6 2. Nf3 g6 3. g3 Bg7 4. Bg2 O-O 5. O-O d6 6. c4 Nc6 7. Nc3 Bf5 8. d5
Na5 9. Nd4 Bd7 10. Qd3 c5 11. dxc6 Nxc6 12. Nxc6 bxc6 13. Bd2 Ng4 14. b3 Rb8
15. Qc2 Ne5 16. Qc1 Re8 17. h3 c5 18. Bh6 Bh8 19. Kh2 Bc6 20. e4 Qa5 21. Bd2
Qa6 22. Qc2 Bd7 23. Nd5 Qc8 24. Bc3 Be6 25. Ne3 Nc6 26. Bxh8 Kxh8 27. f4 Nd4
28. Qc3 Kg8 29. Rf2 f6 30. Re1 Rb4 31. Nc2 Nxc2 32. Rxc2 a5 33. e5 dxe5 34.
fxe5 f5 35. Qe3 a4 36. Bd5 axb3 37. axb3 Bxd5 38. cxd5 c4 39. Rec1 Qa6 40. bxc4
Reb8 41. h4 Rb3 42. Qg5 Rb2 43. Qd2 Rxc2 44. Rxc2 Qa1 45. e6 Rb1 46. Qg2 Qd4
47. Rd2 Qxc4 48. d6 exd6 49. Qa8+ Kg7 50. e7 Rh1+ 51. Qxh1 1-0

[Event "SR 1. liga zapad 2012/2013"]
[Site "?"]
[Date "2013.01.12"]
[Round "5.2"]
[White "Gasa, Andrej"]
[Black "Kvassay, Peter"]
[Result "1-0"]
[WhiteElo "2282"]
[BlackElo "2028"]
[PlyCount "73"]
[EventDate "2012.??.??"]

1. e4 e5 2. Nf3 Nc6 3. Bb5 Nf6 4. O-O Nxe4 5. Re1 Nd6 6. Nxe5 Be7 7. Nxc6 dxc6
8. Bf1 O-O 9. d4 Bf6 10. c3 Re8 11. Bf4 Rxe1 12. Qxe1 Bf5 13. Nd2 Qd7 14. Nc4
Re8 15. Qd1 Qe6 16. Ne3 Be4 17. Qa4 a6 18. Qa5 Qd7 19. h3 Be7 20. Re1 Bd8 21.
Qa4 Qe6 22. c4 Bg6 23. Qb4 Qd7 24. Rd1 b6 25. Qa4 Bf6 26. Ng4 Nf5 27. Nxf6+
gxf6 28. d5 Re4 29. dxc6 Qe7 30. Rd7 Qc5 31. b4 Qf8 32. Bxc7 Qh6 33. Qd1 Nh4
34. Bg3 Nf5 35. c7 Nxg3 36. c8=Q+ Kg7 37. fxg3 1-0

[Event "SR 1. liga zapad 2012/2013"]
[Site "?"]
[Date "2013.01.12"]
[Round "5.2"]
[White "Hlinka, Miroslav"]
[Black "Polasek, Filip"]
[Result "0-1"]
[WhiteElo "2050"]
[BlackElo "2093"]
[PlyCount "102"]
[EventDate "2012.??.??"]

1. d4 d5 2. Nf3 e6 3. c4 Nf6 4. Nc3 Be7 5. Bf4 c6 6. e3 Nbd7 7. Bd3 O-O 8. h3
a6 9. c5 b5 10. cxb6 Qxb6 11. Qc2 c5 12. O-O cxd4 13. exd4 h6 14. Qd2 Bb7 15.
Rfe1 Rfc8 16. Ne5 Nxe5 17. dxe5 Ne4 18. Bxe4 dxe4 19. Nxe4 Bb4 20. Nc3 Bxc3 21.
bxc3 Qc6 22. f3 Qxc3 23. Qf2 Bd5 24. a4 Rab8 25. Rab1 Rxb1 26. Rxb1 Qa3 27. Qa7
Qxa4 28. Bg3 Qc2 29. Rb8 Rxb8 30. Qxb8+ Kh7 31. Qa7 Qg6 32. Kh2 Bc4 33. Qc7 Bb5
34. Qa7 Qf5 35. Qc7 Kg6 36. Qd8 Qc2 37. Bh4 Bf1 38. Kg3 Qxg2+ 39. Kf4 Qxh3 40.
Bg3 Qf5+ 41. Ke3 Bc4 42. Qd4 Bd5 43. Qf4 Qxf4+ 44. Kxf4 a5 45. Be1 a4 46. Bb4
f6 47. exf6 Kxf6 48. Kg4 h5+ 49. Kxh5 Bxf3+ 50. Kh4 Kf5 51. Kg3 Bd5 0-1

[Event "SR 1. liga zapad 2012/2013"]
[Site "?"]
[Date "2013.01.12"]
[Round "5.2"]
[White "Jozefek, Michal"]
[Black "Gombar, Peter"]
[Result "1/2-1/2"]
[WhiteElo "2060"]
[BlackElo "1983"]
[PlyCount "88"]
[EventDate "2012.??.??"]

1. d4 Nf6 2. c4 e6 3. Nc3 d5 4. cxd5 exd5 5. Bg5 Nbd7 6. e3 Be7 7. Bd3 O-O 8.
Nge2 c6 9. Qc2 Re8 10. O-O Nf8 11. Rac1 Nh5 12. Bxe7 Qxe7 13. a3 g6 14. b4 Ng7
15. Ng3 h5 16. Rfe1 h4 17. Nf1 h3 18. f3 hxg2 19. Qxg2 Nf5 20. Bxf5 Bxf5 21. e4
dxe4 22. fxe4 Bd7 23. Ne3 Rad8 24. e5 Nh7 25. Nc4 Qh4 26. Re4 Qh3 27. Nd6 Qxg2+
28. Kxg2 Re7 29. Re3 Bc8 30. Nce4 Be6 31. Kf2 Bd5 32. Nc3 Be6 33. b5 Nf8 34.
bxc6 bxc6 35. Nce4 Bd5 36. Nf6+ Kg7 37. Nxd5 cxd5 38. Rc5 Ne6 39. Rxd5 Rb8 40.
Kg3 Rb1 41. Rd3 Rg1+ 42. Kf2 Rh1 43. Kg2 Rc1 44. Kg3 Rg1+ 1/2-1/2

[Event "SR 1. liga zapad 2012/2013"]
[Site "?"]
[Date "2013.01.12"]
[Round "5.2"]
[White "Meszaros, Michal"]
[Black "Vojtek, Vladimir"]
[Result "1/2-1/2"]
[WhiteElo "2412"]
[BlackElo "2283"]
[PlyCount "51"]
[EventDate "2012.??.??"]

1. e4 Nc6 2. Nf3 d5 3. exd5 Qxd5 4. Nc3 Qa5 5. d4 Nf6 6. Bd2 a6 7. Bc4 Qh5 8.
Ne5 Bg4 9. Nxg4 Qxg4 10. Qxg4 Nxg4 11. d5 Nd4 12. Bd3 g6 13. Bf4 e5 14. dxe6
Nxe6 15. Bg3 Bg7 16. O-O-O Ne5 17. Rhe1 Nxd3+ 18. Rxd3 O-O 19. Nd5 c6 20. Nc7
Nxc7 21. Bxc7 Rfe8 22. Rxe8+ Rxe8 23. b3 Bf6 24. Kd2 h5 25. Bb6 Kg7 26. Rd7
1/2-1/2

[Event "SR 1. liga zapad 2012/2013"]
[Site "?"]
[Date "2013.01.12"]
[Round "5.2"]
[White "Obona, Jan"]
[Black "Pagerka, Martin"]
[Result "1/2-1/2"]
[WhiteElo "2147"]
[BlackElo "2261"]
[PlyCount "41"]
[EventDate "2012.??.??"]

1. Nf3 d5 2. c4 d4 3. b4 c5 4. Bb2 a5 5. b5 Nd7 6. g3 b6 7. Bg2 Bb7 8. O-O e5
9. d3 Be7 10. e3 Ngf6 11. exd4 exd4 12. Re1 O-O 13. Nxd4 Bxg2 14. Nf5 Bb7 15.
Nxe7+ Kh8 16. Nc6 Qc7 17. Qf3 Rac8 18. Nd2 Bxc6 19. bxc6 Qxc6 20. Qxc6 Rxc6 21.
Nf3 1/2-1/2